Družstevníctvo vo svetle zákona.

Pokračovanie výkladu zákona o úprave majetkových vzťahov a vysporiadaní majetkových nárokov v družstvách. Problematika valného zhromaždenia a transformačnej rady. Kompetencie valného zhromaždenia a jeho zvolávanie. Pravidlá voľby členov transformačnej rady. Úlohy transformačnej rady. Schvaľovanie tr...

Ausführliche Beschreibung

Gespeichert in:
Bibliographische Detailangaben
1. Verfasser: Štefanovič, Milan
Format: Buchkapitel
Sprache:Slowakisch
Schlagworte:
Tags: Tag hinzufügen
Keine Tags, Fügen Sie das erste Tag hinzu!

MARC

LEADER 00000naa a2200000 4500
001 r007595
005 20220831085523.3
041 0 |a slo 
044 |a [CS] 
245 1 0 |a Družstevníctvo vo svetle zákona.  |c Milan Štefanovič 
520 |a Pokračovanie výkladu zákona o úprave majetkových vzťahov a vysporiadaní majetkových nárokov v družstvách. Problematika valného zhromaždenia a transformačnej rady. Kompetencie valného zhromaždenia a jeho zvolávanie. Pravidlá voľby členov transformačnej rady. Úlohy transformačnej rady. Schvaľovanie transformačného projektu. 
610 2 0 |a družstvá 
610 2 0 |a zákony 
610 2 0 |a ČSFR 
100 1 |a Štefanovič, Milan